Three Biggest Cities in Each State of Germany on a Map - Statistics

General Stats
  • This quiz has been taken 799 times
  • The average score is 32 of 43
Answers on the Map
Answers color-coded by a green-red scale on the quiz's map according to % correct below.
 
Answer Stats
State Rank Population City % Correct
1 3,669,491 Berlin
99%
1 1,847,253 Hamburg
99%
1 1,484,226 Munich
99%
1 763,380 Frankfurt
98%
1 567,559 Bremen
97%
1 1,087,863 Cologne
97%
1 635,911 Stuttgart
97%
2 556,780 Dresden
96%
2 621,877 Dusseldorf
96%
1 593,145 Leipzig
95%
2 518,370 Nuremberg
95%
3 588,250 Dortmund
92%
1 536,925 Hanover
92%
1 246,794 Kiel
90%
1 180,374 Saarbrücken
87%
3 310,658 Mannheim
85%
1 180,334 Potsdam
85%
1 209,191 Rostock
83%
3 296,582 Augsburg
81%
2 216,530 Lübeck
78%
1 218,578 Mainz
78%
2 237,565 Magdeburg
76%
1 213,981 Erfurt
74%
2 312,060 Karlsruhe
74%
2 113,643 Bremerhaven
73%
3 246,334 Chemnitz
70%
3 202,137 Kassel
65%
2 278,474 Wiesbaden
65%
2 249,406 Brunswick
64%
1 238,762 Halle
64%
2 111,343 Jena
64%
2 95,653 Schwerin
63%
3 90,164 Flensburg
62%
3 169,077 Oldenburg
60%
2 99,678 Cottbus
57%
3 114,052 Koblenz
55%
3 72,184 Brandenburg an der Havel
54%
2 172,253 Ludwigshafen am Rhein
50%
3 93,125 Gera
49%
3 63,761 Neubrandenburg
36%
3 80,103 Dessau-Roßlau
32%
3 41,875 Homburg
24%
2 46,179 Neunkirchen
23%
No matching quizzes found
Score Distribution
Percent of People with Each Score
Percentile by Number Answered
Your Score History
You have not taken this quiz